00484nam a22001697a 4500008004100000020001500041050002700056100002000083245007500103250002800178260002600206300001000232650001300242650002400255700002000279700001500299200923b xxu||||| |||| 00| 0 eng d a1292229365 aQH323.5b.T75 2019 c.1 aTriola, Marc M. aBiostatistics for the biological and health sciences cMarc M. Triola  a2nd ed.bGlobal edition aHarlowbPearsonc2019 a715p. aBiometry aMedical statistics  aMario F. Triola aJason Roy